000 00732cam a2200265 4500
001 J4063
008 090401t1996 xxu||||| |||| 00| 0 eng d
035 _a(Sirsi) u58092
041 _aeng
050 _a690.231
100 _aEgbu, Charles
245 _aCharacterristics and difficulties associated with refurbishment.
260 _aAscot, Berks.
_bCIOB
_c1996
300 _a8p. ; 30cm.
350 _a0
490 _aConstruction Papers
_v66
650 _aCONVERSION
650 _aMODERNISATION
650 _aREFURBISHMENT PROJECTS
650 _aREHABILITATION
690 _aBUILDING AND CONSTRUCTION-REPAIRS AND MAINTENANCE
710 _aChartered Institute of Building
_92134
942 _n0
948 _c04/03/1997
999 _c94024
_d94024